| 000 -ლიდერი |
| ფიქსირებული სიგრძის საკონტროლო ველი |
01649nam a2200301Ia 4500 |
| 001 - საკონტროლო ნომერი |
| საკონტროლო ველი |
21807 |
| 003 - საკონტროლო ნომრის იდენტიფიკატორი |
| საკონტროლო ველი |
GE_BSU |
| 005 - ბოლო ოპერაციის თარიღი და დრო |
| საკონტროლო ველი |
20220516154714.0 |
| 008 - ფიქსირებული სიგრძის მონაცემთა ელემენტები - ზოგადი ინფორმაცია |
| ფიქსირებული სიგრძის საკონტროლო ველი |
181216s2017||||ge |||||||||||||| ||geo|| |
| 020 ## - წიგნის საერთაშორისო სტანდარტული ნომერი |
| International Standard Book Number |
9789941473272 |
| 040 ## - კატალოგიზაციის წყარო |
| Transcribing agency |
GE_BSU |
| 041 ## - ენის კოდი |
| Language code of text/sound track or separate title |
geo |
| 080 ## - უნივერსალური ათობითი კლასიფიკაციის ინდექსი |
| Universal Decimal Classification number |
327 ბ-84 |
| 100 ## - მთავარი ჩანაწერი - პიროვნების სახელი |
| Personal name |
ბონიფასი, პასკალ |
| 9 (RLIN) |
13743 |
| 245 ## - ცნობა სათაურის შესახებ |
| Title |
შევიცნოთ მსოფლიო : |
| Remainder of title |
საერთაშორისო ურთიერთობები ყველასათვის / |
| Statement of responsibility, etc |
პასკალ ბონიფასი ; ფრანგ. თარგმნა ნ. ჩიტიშვილმა ; სამეცნ. რედ. მ. მაცაბერიძე. |
| 264 ## - წარმოების, გამოცემის, დისტრიბუციის და სხვა ცნობები |
| გამოცემის, წარმოების, დისტრიბუციის... ადგილი |
თბილისი : |
| გამოცემის, წარმოების, დისტრიბუციის... სახელწოდება |
მწიგნობარი, |
| გამოცემის, წარმოების, დისტრიბუციის... თარიღი |
2017. |
| 300 ## - ფიზიკური აღწერა |
| Extent |
285 გვ. : |
| Other physical details |
ილ. ; |
| Dimensions |
20 სმ. |
| 500 ## - ზოგადი შენიშვნა |
| General note |
წიგნი გამოიცა ფრანგული ინ-ტის საგამომცემლო დახმარების პროგრამის ფარგლებში |
| 500 ## - ზოგადი შენიშვნა |
| General note |
|
| 546 ## - LANGUAGE NOTE |
| Language note |
პარალელური სათაური ინგლისურ ენაზე |
| 653 ## - INDEX TERM--UNCONTROLLED |
| Uncontrolled term |
პოლიტიკა |
| 653 ## - INDEX TERM--UNCONTROLLED |
| Uncontrolled term |
შევიცნოთ მსოფლიო |
| 653 ## - INDEX TERM--UNCONTROLLED |
| Uncontrolled term |
საერთაშორისო ურთიერთობები ყველასათვის |
| 700 ## - ADDED ENTRY--PERSONAL NAME |
| Personal name |
ჩიტიშვილი, ნ. |
| Relator term |
მთარგმნელი |
| 9 (RLIN) |
13744 |
| 700 ## - ADDED ENTRY--PERSONAL NAME |
| Personal name |
მაცაბერიძე, მ. |
| Relator term |
რედაქტორი |
| 9 (RLIN) |
13745 |
| 942 ## - ADDED ENTRY ELEMENTS (KOHA) |
| Koha item type |
წიგნი |
| Source of classification or shelving scheme |
|